000 01157cam a2200229 4500
001 WB3839-21
008 021024n2002 000 0 eng u
035 _a(Sirsi) u120226
245 _aRICS response to PPG 23
260 _c2002
490 _aRICS Environment Faculty News
_v 22 October 2002, (1)
520 _aRICS submits response to PPG 23 which deals with planning issues of pollution control, air pollution and climate change. The guidance note includes information relating to areas such as; air or water quality consideration and land use, the planning system and pollution and the controls under pollution control regimes. For RICS Policy response://www.rics.org/ricscms/bin/show?class=Policy&template=/includes/showpolicy.html&id=710 For RICS Environment Faculty News: http://www.rics.org/ricscms/bin/show?class=News&template=/includes/shownews.html&id=4014
590 _aWB
650 _aPPG23
650 _aPOLLUTION CONTROL
650 _aCLIMATE CHANGE
650 _aAIR POLLUTION
650 _aWATER QUALITY
650 _aPLANNING CONTROL
690 _aENVIRONMENTAL AND LAND CONSULTANCY-PLANNING AND DEVELOPMENT
942 _n0
999 _c71422
_d71422